000 00619cam a2200193 a 4500
001 000009574
005 20200929161629.0
008 900830s1982 sp 000 0 spa
020 _a8424503384
040 _aDO-SdBNP
_bspa
_cBNPHU
082 _a862.64
_bM385b
100 1 _aMartínez Mediero, Manuel,
_d1939-
_924414
245 1 4 _aLas bragas pérdidas en el tendedero :
_bJuana del amor hermoso /
_cM. Martínez Mediero.
260 _aMadrid :
_bFundamentos,
_cc1982.
300 _a144 p. ;
_c20 cm.
490 1 _aEspiral
_v71
_aTeatro
650 4 _aTeatro español
_93071
650 4 _aLiteratura española
_ySIGLO XX
_93326
999 _c9334
_d9334